|
|
|
|
| LEADER |
00948pam a22002298a 4500 |
| 001 |
00000278 |
| 005 |
20171026081022.0 |
| 008 |
110318s1980 ||||||Viesd |
| 041 |
0 |
# |
|a Vie
|
| 082 |
1 |
4 |
|a 355.3
|b L552L
|
| 100 |
0 |
# |
|a Nguyễn Văn MInh
|
| 245 |
0 |
0 |
|a Lực lượng vũ trang nhân dân tây nguyên trong kháng chiến chống mỹ cứu nước
|c Nguyễn Văn MInh, Nguyễn Đình Thảo, Đoàn Như Kiến, Nguyễn Thích Lương
|
| 260 |
# |
# |
|a H.
|b Quân đội nhân dân
|c 1980
|
| 300 |
|
|
|b Trắng đen
|
| 650 |
# |
4 |
|a Quân sự
|
| 653 |
# |
# |
|a Chiến tranh chống Mỹ
|a Tây nguyên
|a Lực lượng vũ trang
|
| 700 |
0 |
# |
|a Nguyễn Thích Lương
|
| 700 |
0 |
# |
|a Nguyễn Đình Thảo
|
| 852 |
# |
# |
|b Kho đọc
|j KD.0000476
|
| 852 |
# |
# |
|j KD.0000476
|
| 910 |
|
|
|d 18/03/2011
|
| 980 |
# |
# |
|a Trung tâm Học liệu Lê Vũ Hùng, Trường Đại học Đồng Tháp
|